000 01616nam a2200397 c 4500
003 BLK
005 20220825132846.0
008 180412b bul|||||r ||||||| ||bul||
010 _aKNG00005505000
020 _a954-426-078-1
_bиздат.: Анубис
040 _aBLK
041 _aBUL
_cBUL
080 _aОбщ отдел
_b0
_x(092)
_z0(092)
080 _aЛитература на отделни езици и езикови семейства
_b821
_x(092)
_z821(092)
080 _aОбщи работи. Философски науки в цялост
_b101
_x(091)(092)
_z101(091)(092)
080 _aБиографии
_b929
_x
_z929
100 1 _aДжонсън, Пол
_eпърви автор
_9248600
700 1 _aПеевска, Боряна
_eпрев. от англ.
_9107662
139 _aДжонсън, Пол
_bД 52
245 1 0 _aИнтелектуалците
_bИст. етюди
_cПол Джонсън; прев. от англ. Боряна Пеевска.
257 _aGBR
260 София
_bАнубис
_c1994
300 _a480 с.
_c20 см
380 _a0
500 _aОриг. загл. А phcenix paperback / Paul Johnson. - Авт. не е отбелязан на кор. - Други прев.: В. Бачев, Л. Терзиев, Н. Киров
650 4 _aПисатели
_9166332
650 4 _aПоети
_9166693
650 4 _aДраматурзи
_9153749
650 4 _aФилософи
_9175448
653 _aинтелектуалци
852 _aЦб 180009
856 4 _qpdf
_u
856 4 _qpdf
_u
942 _cKNG
_n0
_02
944 _aCR
_c15.01.2003
_kДиана_Димитрова
944 _aED
_c21.11.2012
_k
999 _c4367
_d4367